Worst inflation right now - Statistics

General Stats
  • This quiz has been taken 46 times
  • The average score is 13 of 25
Answer Stats
Inflation % Country Location % Correct
282971.80 Venezuela Americas
95%
175.66 Zimbabwe Africa
86%
15.72 Turkey Eurasia
74%
47.80 Sudan Africa
69%
50.40 Iran Asia
67%
11.22 Nigeria Africa
67%
56.10 South Sudan Africa
67%
9.00 Ukraine Europe
62%
55.80 Argentina Americas
60%
9.49 Yemen Asia
57%
16.94 Angola Africa
55%
9.40 Egypt Africa
55%
15.40 Ethiopia Africa
52%
55.00 North Korea Asia
52%
9.00 Eritrea Africa
48%
23.30 Liberia Africa
48%
17.46 Sierra Leone Africa
48%
9.10 Ghana Africa
45%
18.00 Haiti Americas
43%
9.70 Guinea Africa
40%
9.00 Malawi Africa
40%
9.40 Turkmenistan Asia
38%
9.57 Myanmar Asia
36%
14.30 Uzbekistan Asia
29%
9.00 São Tomé Africa
14%
No matching quizzes found
Score Distribution
Percent of People with Each Score
Percentile by Number Answered
Your Score History
You have not taken this quiz